00000000nam##2200000za#4500
0019.644384
003CaOODSP
00520210624224621
007cr |||||||||||
008150407|2009||||xxc|||||o    f|0| 0 fre|d
040 |aCaOODSP|bfre
043 |an-cn---
0861 |aR5-48/2009F-PDF
1101 |aCanada.|bAffaires indiennes et du Nord.
24510|aÉvaluation du Programme de financement des causes types : |h[ressource électronique]|brapport final
260 |aOttawa - Ontario : |bAffaires indiennes et du Nord |cLe 9 février 2009.
300 |a57p.|bfigures, organigramme, tableaux
504 |aBibliographie.
590 |a15-05-Supp|b2015-03-31
69107|aFinancement|2gcpds
69107|aProgramme pour autochtones|2gcpds
77508|tEvaluation of the Test Case Funding Program : |w(CaOODSP)9.700500
85640|ahttp://publications.gc.ca|qPDF|s224 Ko|uhttps://publications.gc.ca/collections/collection_2015/aadnc-aandc/R5-48-2009-fra.pdf